| 000 | 00373cam a22001217a 4500 | ||
|---|---|---|---|
| 008 | 180718b1980 xxu||||| |||| 00| 0 eng d | ||
| 082 | _aO97x5952 Sw35 | ||
| 100 | _aSwee-Hock, Saw | ||
| 245 |
_aPopulation control for zero growth in Singapore _cby Saw Swee-Hock |
||
| 260 |
_aSingapore _bOxford University Press _c1980 |
||
| 300 | _a231p. | ||
| 650 | _aBirth control - Singapore | ||
| 999 |
_c355357 _d355357 |
||